书目信息 |
| 题名: |
现代无机合成与制备化学
|
|
| 作者: | 吴庆银 主编 | |
| 分册: | ||
| 出版信息: | 北京 化学工业出版社 2015.6 |
|
| 页数: | 241页 | |
| 开本: | 26cm | |
| 丛书名: | ||
| 单 册: | ||
| 中图分类: | O611.4 , TQ12 | |
| 科图分类: | ||
| 主题词: | 无机化学--合成化学--高等学校--教材 , 无机化合物--制备--高等学校--教材 , 无机化学 , 合成化学 , 无机化合物 | |
| 电子资源: | ||
| ISBN: | 978-7-122-08524-5 | |
| 000 | 01084nam0 2200301 450 | |
| 001 | 0400003261 | |
| 005 | 20171022080841.0 | |
| 010 | @a978-7-122-08524-5@dCNY30.00 | |
| 100 | @a20100818d2015 em y0chiy50 ea | |
| 101 | 0 | @achi |
| 102 | @aCN@b110000 | |
| 105 | @aa z 000yy | |
| 106 | @ar | |
| 200 | 1 | @a现代无机合成与制备化学@9xian dai wu ji he cheng yu zhi bei hua xue@f吴庆银主编 |
| 210 | @a北京@c化学工业出版社@d2015.6 | |
| 215 | @a241页@c图@d26cm | |
| 300 | @a高等学校教材 | |
| 330 | @a本书共十章,前两章阐述了重要的无机合成与制备化学原理和方法,后八章介绍了重要的多酸化合物、分子筛及多孔材料、稀土配合物杂化发光材料、富勒烯及衍生物、金属-有机骨架配位聚合物、无机-有机杂化材料、纳米材料和烯烃复分解催化剂的合成与制备、应用及研究进展。 | |
| 606 | 0 | @a无机化学@x合成化学@x高等学校@j教材 |
| 606 | 0 | @a无机化合物@x制备@x高等学校@j教材 |
| 606 | 0 | @a无机化学 |
| 606 | 0 | @a合成化学 |
| 606 | 0 | @a无机化合物 |
| 690 | @aO611.4@v4 | |
| 690 | @aTQ12@v4 | |
| 701 | 0 | @a吴庆银@9wu qing yin@4主编 |
| 801 | 0 | @aCN@b91MARC@c20171022 |
| 905 | @b1033516-20@dO611.4@f5@e30 | |
| 现代无机合成与制备化学/吴庆银主编.-北京:化学工业出版社,2015.6 |
| 241页:图;26cm |
| 高等学校教材 |
| ISBN 978-7-122-08524-5:CNY30.00 |
| 本书共十章,前两章阐述了重要的无机合成与制备化学原理和方法,后八章介绍了重要的多酸化合物、分子筛及多孔材料、稀土配合物杂化发光材料、富勒烯及衍生物、金属-有机骨架配位聚合物、无机-有机杂化材料、纳米材料和烯烃复分解催化剂的合成与制备、应用及研究进展。 |
| ● |
| 相关链接 |
|
|
|
|
正题名:现代无机合成与制备化学
索取号:O611.4/30
 
预约/预借
| 序号 | 登录号 | 条形码 | 馆藏地/架位号 | 状态 | 备注 |
| 1 | 1033516 | 210335163 | 第二样本阅览室/ [索取号:O611.4/30] | 在馆 | |
| 2 | 1033517 | 210335172 | 密集书库-化学系/ [索取号:O611.4/30] | 在馆 | |
| 3 | 1033518 | 210335181 | 第三借阅区/ [索取号:O611.4/30] | 在馆 | |
| 4 | 1033519 | 210335190 | 第三借阅区/ [索取号:O611.4/30] | 在馆 | |
| 5 | 1033520 | 210335207 | 第三借阅区/ [索取号:O611.4/30] | 在馆 |